Olympic Champions - Sudden Death - Statistics

General Stats
  • This quiz has been taken 1,479 times
    303 since last reset
  • The average score is 7 of 35
Answers on the Grid
Answers color-coded by a green-red scale on the quiz's grid according to % correct below.
Lionel Messi
Cristiano Ronaldo
Michael Jordan
David Beckham
Diego Maradona
Pelé
Muhammad Ali
Mike Tyson
LeBron James
Ronaldinho
Kevin Durant
Kobe Bryant
Zinedine Zidane
Serena Williams
Pau Gasol
Michael Phelps
Usain Bolt
Tiger Woods
Michael Schumacher
Roger Federer
Rafael Nadal
Simone Biles
Carl Lewis
Neymar
George Foreman
Manny Pacquiao
Joe Frazier
Joe Louis
Rocky Marciano
Wladimir Klitschko
Venus Williams
Lennox Lewis
Tyson Fury
Oleksandr Usyk
Nadia Comăneci
Michelle Kwan
Maria Sharapova
Novak Djokovic
Yuzuru Hanyu
Lewis Hamilton
Andre Agassi
Wayne Gretzky
Stephen Curry
Kareem Abdul-Jabbar
Shaquille O'Neal
Tim Duncan
Chris Hoy
Pete Sampras
Steffi Graf
Alexander Ovechkin
Yohan Blake
Ole Einar Bjørndalen
Jonah Lomu
Aleksandr Karelin
Dirk Nowitzki
Ian Thorpe
Ayrton Senna
Katie Ledecky
Larisa Latynina
Babe Ruth
Franz Beckenbauer
Johan Cruyff
Alex Morgan
Allen Iverson
Marta
Charles Barkley
 
Answer Stats
Answer % Correct
Michael Phelps
47%
Usain Bolt
46%
Michael Jordan
42%
Simone Biles
39%
Kobe Bryant
36%
LeBron James
36%
Carl Lewis
34%
Nadia Comăneci
30%
Serena Williams
30%
Kevin Durant
23%
Katie Ledecky
22%
Lionel Messi
22%
Muhammad Ali
22%
Novak Djokovic
22%
Rafael Nadal
22%
Venus Williams
21%
Stephen Curry
19%
Ian Thorpe
17%
Roger Federer
16%
Neymar
15%
Chris Hoy
13%
Shaquille O'Neal
13%
Steffi Graf
12%
Oleksandr Usyk
11%
Andre Agassi
9%
Charles Barkley
9%
George Foreman
9%
Ole Einar Bjørndalen
9%
Wladimir Klitschko
9%
Joe Frazier
8%
Lennox Lewis
8%
Alex Morgan
7%
Yuzuru Hanyu
7%
Aleksandr Karelin
5%
Larisa Latynina
5%
No matching quizzes found
Score Distribution
Percent of People with Each Score
Percentile by Number Answered
Your Score History
You have not taken this quiz since the last reset